<?xml version="1.0" encoding="UTF-8"?><?xml-stylesheet type="text/xsl" href="static/style.xsl"?><OAI-PMH xmlns="http://www.openarchives.org/OAI/2.0/" xmlns:xsi="http://www.w3.org/2001/XMLSchema-instance" xsi:schemaLocation="http://www.openarchives.org/OAI/2.0/ http://www.openarchives.org/OAI/2.0/OAI-PMH.xsd"><responseDate>2026-05-17T01:18:30Z</responseDate><request verb="GetRecord" identifier="oai:repisalud.isciii.es:20.500.12105/17976" metadataPrefix="marc">https://repisalud.isciii.es/rest/oai/request</request><GetRecord><record><header><identifier>oai:repisalud.isciii.es:20.500.12105/17976</identifier><datestamp>2024-11-28T15:12:06Z</datestamp><setSpec>com_20.500.12105_15322</setSpec><setSpec>com_20.500.12105_2051</setSpec><setSpec>col_20.500.12105_16927</setSpec></header><metadata><record xmlns="http://www.loc.gov/MARC21/slim" xmlns:dcterms="http://purl.org/dc/terms/" xmlns:doc="http://www.lyncode.com/xoai" xmlns:xsi="http://www.w3.org/2001/XMLSchema-instance" xsi:schemaLocation="http://www.loc.gov/MARC21/slim http://www.loc.gov/standards/marcxml/schema/MARC21slim.xsd">
   <leader>00925njm 22002777a 4500</leader>
   <datafield ind2=" " ind1=" " tag="042">
      <subfield code="a">dc</subfield>
   </datafield>
   <datafield ind2=" " ind1=" " tag="720">
      <subfield code="a">Bellón, Juan Ángel</subfield>
      <subfield code="e">author</subfield>
   </datafield>
   <datafield ind2=" " ind1=" " tag="720">
      <subfield code="a">Conejo-Cerón, Sonia</subfield>
      <subfield code="e">author</subfield>
   </datafield>
   <datafield ind2=" " ind1=" " tag="720">
      <subfield code="a">Rodríguez-Bayón, Antonina</subfield>
      <subfield code="e">author</subfield>
   </datafield>
   <datafield ind2=" " ind1=" " tag="720">
      <subfield code="a">Ballesta-Rodríguez, María Isabel</subfield>
      <subfield code="e">author</subfield>
   </datafield>
   <datafield ind2=" " ind1=" " tag="720">
      <subfield code="a">Mendive, Juan Manuel</subfield>
      <subfield code="e">author</subfield>
   </datafield>
   <datafield ind2=" " ind1=" " tag="720">
      <subfield code="a">Moreno-Peral, Patricia</subfield>
      <subfield code="e">author</subfield>
   </datafield>
   <datafield ind2=" " ind1=" " tag="260">
      <subfield code="c">2020</subfield>
   </datafield>
   <datafield ind2=" " ind1=" " tag="520">
      <subfield code="a">[ES] En atención primaria solo el dolor crónico supera a la depresión y la ansiedad en la pérdida de años de vida ajustados por calidad. Más del 70% de las personas que sufrían enfermedades mentales comunes consultaron por ello a su médico/a de familia. Sin embargo, «la regla de las mitades decrecientes» es una realidad: menos del 50% de las personas consultantes de atención primaria con enfermedades mentales comunes fueron diagnosticadas correctamente, y de ellas, menos del 50% recibieron un tratamiento (farmacológico o psicológico) adecuado, y de estas, menos del 50% fueron adherentes. Los modelos colaborativos de atención a las enfermedades mentales comunes en atención primaria han demostrado su efectividad en ensayos clínicos, pero su implementación en un contexto más general y real es difícil y su efectividad todavía es poco conocida. Se han desarrollado y validado algoritmos de riesgo para predecir el inicio y el pronóstico de las enfermedades mentales comunes en atención primaria que son útiles para su tratamiento y prevención. Existen evidencias de que las intervenciones psicológicas, psicoeducativas y de ejercicio físico son efectivas en prevención primaria, incluso en atención primaria, aunque su efecto es pequeño o moderado. Estas intervenciones tienen un gran potencial para ser escalables en las escuelas, el ámbito laboral y la atención primaria; además, cuando se administran mediante tecnologías de la información y la comunicación (p. ej., App), en programas autoguiados o mínimamente guiados, han demostrado su efectividad para el tratamiento y la prevención de las enfermedades mentales comunes. También son muy accesibles y de bajo coste, y contribuyen a la implementación masiva de estas intervenciones en diferentes contextos. [EN] In primary health care only chronic pain surpass depression and anxiety in loss of quality-adjusted life years. More than 70% of people suffering from common mental disorders consulted their GPs for this reason. However, 'the declining halves rule' is a reality: less than 50% of primary care attendees with common mental disorders were correctly diagnosed, of these less than 50% received adequate treatment (pharmacological or psychological) and of these less than 50% patients were adherent. Collaborative models of common mental disorders care in primary health care have demonstrated their effectiveness through clinical trials; however, its implementation in a more general and real context is difficult and its effectiveness remains unclear. Risk algorithms have been developed and validated in primary health care to predict the onset and prognosis of common mental disorders; which are useful for their treatment and prevention. There is evidence that psychological and psychoeducational interventions (and possibly those of physical exercise) are effective for the primary prevention of common mental disorders, even in primary health care; although their effects are small or moderate. These interventions have a high potential to be scalable in schools, workplace and primary health care; in addition, when they are administered through information and communication technologies (e.g. by App), in self-guided or minimally guided programs, they have demonstrated their effectiveness for the treatment and prevention of common mental disorders. They are also very accessible, have low cost and contribute to the massive implementation of these interventions in different settings.</subfield>
   </datafield>
   <datafield ind1="8" ind2=" " tag="024">
      <subfield code="a">10.1016/j.gaceta.2020.05.013</subfield>
   </datafield>
   <datafield ind1="8" ind2=" " tag="024">
      <subfield code="a">1578-1283</subfield>
   </datafield>
   <datafield ind1="8" ind2=" " tag="024">
      <subfield code="a">0213-9111</subfield>
   </datafield>
   <datafield ind1="8" ind2=" " tag="024">
      <subfield code="a">Gaceta Sanitaria</subfield>
   </datafield>
   <datafield ind1="8" ind2=" " tag="024">
      <subfield code="a">http://hdl.handle.net/10668/3471</subfield>
   </datafield>
   <datafield ind1="8" ind2=" " tag="024">
      <subfield code="a">32843196</subfield>
   </datafield>
   <datafield ind1="8" ind2=" " tag="024">
      <subfield code="a">http://hdl.handle.net/20.500.12105/17976</subfield>
   </datafield>
   <datafield tag="653" ind2=" " ind1=" ">
      <subfield code="a">Atención primaria</subfield>
   </datafield>
   <datafield tag="653" ind2=" " ind1=" ">
      <subfield code="a">Trastornos de ansiedad</subfield>
   </datafield>
   <datafield tag="653" ind2=" " ind1=" ">
      <subfield code="a">Trastornos depresivos</subfield>
   </datafield>
   <datafield tag="653" ind2=" " ind1=" ">
      <subfield code="a">Trastornos de somatización</subfield>
   </datafield>
   <datafield tag="653" ind2=" " ind1=" ">
      <subfield code="a">Resultados del tratamiento</subfield>
   </datafield>
   <datafield tag="653" ind2=" " ind1=" ">
      <subfield code="a">Reglas de predicción clínica</subfield>
   </datafield>
   <datafield tag="653" ind2=" " ind1=" ">
      <subfield code="a">Prevención primaria</subfield>
   </datafield>
   <datafield tag="653" ind2=" " ind1=" ">
      <subfield code="a">Primary health care</subfield>
   </datafield>
   <datafield tag="653" ind2=" " ind1=" ">
      <subfield code="a">Anxiety disorders</subfield>
   </datafield>
   <datafield tag="653" ind2=" " ind1=" ">
      <subfield code="a">Depression disorders</subfield>
   </datafield>
   <datafield tag="653" ind2=" " ind1=" ">
      <subfield code="a">Somatization disorders</subfield>
   </datafield>
   <datafield tag="653" ind2=" " ind1=" ">
      <subfield code="a">Treatment outcome</subfield>
   </datafield>
   <datafield tag="653" ind2=" " ind1=" ">
      <subfield code="a">Clinical prediction rule</subfield>
   </datafield>
   <datafield tag="653" ind2=" " ind1=" ">
      <subfield code="a">Primary prevention</subfield>
   </datafield>
   <datafield ind2="0" ind1="0" tag="245">
      <subfield code="a">Enfermedades mentales comunes en atención primaria: dificultades diagnósticas y terapéuticas, y nuevos retos en predicción y prevención. Informe SESPAS 2020</subfield>
   </datafield>
</record></metadata></record></GetRecord></OAI-PMH>